|
|
|
|
| LEADER |
00000nam0a2200000 4500 |
| 001 |
348938 |
| 005 |
20231102010145.0 |
| 035 |
|
|
|a (RuTPU)RU\TPU\retro\814
|
| 090 |
|
|
|a 348938
|
| 100 |
|
|
|a 20180328d1979 km y0rusy50 ca
|
| 101 |
0 |
|
|a eng
|
| 102 |
|
|
|a RU
|
| 105 |
|
|
|a a z 001zy
|
| 200 |
1 |
|
|a Автомобильные двигатели
|d Motor vehicle engines
|e на англ. яз.
|f В. М. Архангельский [и др.]
|g под ред. М. С. Ховаха
|
| 210 |
|
|
|a Москва
|c Мир
|d 1979
|
| 215 |
|
|
|a 615 с.
|c ил.
|
| 320 |
|
|
|a Библиогр.: с. 607-608
|
| 320 |
|
|
|a Предметный указатель: с. 609-615
|
| 510 |
1 |
|
|a Motor vehicle engines
|z eng
|
| 606 |
1 |
|
|a Автомобильные двигатели
|2 stltpush
|3 (RuTPU)RU\TPU\subj\1112
|9 29900
|
| 610 |
1 |
|
|a термодинамика
|
| 610 |
1 |
|
|a масла
|
| 610 |
1 |
|
|a мощность
|
| 610 |
1 |
|
|a рабочие циклы
|
| 610 |
1 |
|
|a системы зажигания
|
| 610 |
1 |
|
|a кривошипно-шатунные механизмы
|
| 610 |
1 |
|
|a конструирование
|
| 610 |
1 |
|
|a дизайн
|
| 610 |
1 |
|
|a поршневые узлы
|
| 610 |
1 |
|
|a коленчатые валы
|
| 610 |
1 |
|
|a шестерни
|
| 610 |
1 |
|
|a автомобили
|
| 675 |
|
|
|a 621.431.73
|v 4
|
| 701 |
|
1 |
|a Архангельский
|b В. М.
|
| 701 |
|
1 |
|a Вихерт
|b М. М.
|
| 701 |
|
1 |
|a Воинов
|b А. М.
|
| 701 |
|
1 |
|a Степанов
|b Ю. А.
|
| 701 |
|
1 |
|a Трусов
|b В. И.
|
| 702 |
|
1 |
|a Ховах
|b М. С.
|4 340
|
| 801 |
|
1 |
|a RU
|b 63413507
|c 20180328
|
| 801 |
|
2 |
|a RU
|b 63413507
|c 20180328
|g RCR
|
| 942 |
|
|
|c BK
|